Saraiki Lok Sehray \ (Record no. 526415)
[ view plain ]
| 000 -LEADER | |
|---|---|
| fixed length control field | 00467nam a22001817a 4500 |
| 003 - CONTROL NUMBER IDENTIFIER | |
| control field | NUST |
| 020 ## - INTERNATIONAL STANDARD BOOK NUMBER | |
| International Standard Book Number | - |
| 038 ## - RECORD CONTENT LICENSOR | |
| Staff Name | Zafar Malik |
| 082 ## - DEWEY DECIMAL CLASSIFICATION NUMBER | |
| Classification number | 891.4931 |
| Author Mark | LAS |
| 100 ## - MAIN ENTRY--PERSONAL NAME | |
| Personal name | Lashari, Zafar |
| 9 (RLIN) | 15901 |
| 245 ## - TITLE STATEMENT | |
| Title | Saraiki Lok Sehray \ |
| Statement of responsibility, etc. | Zafar Lashari |
| 260 ## - PUBLICATION, DISTRIBUTION, ETC. | |
| Place of publication, distribution, etc. | Lahore : |
| Name of publisher, distributor, etc. | Al-Faisal Nashran ; |
| Date of publication, distribution, etc. | - |
| 300 ## - PHYSICAL DESCRIPTION | |
| Extent | 260 p. ; |
| 500 ## - GENERAL NOTE | |
| General note | Hardcover |
| 880 ## - ALTERNATE GRAPHIC REPRESENTATION | |
| Linkage | 100-02\r |
| Title | ظفر لاشاری |
| 880 ## - ALTERNATE GRAPHIC REPRESENTATION | |
| Linkage | 245-02\r |
| Title | سرائیکی لوک سہرے |
| 942 ## - ADDED ENTRY ELEMENTS (KOHA) | |
| Source of classification or shelving scheme | |
| Koha item type | Book |
| Withdrawn status | Lost status | Source of classification or shelving scheme | Damaged status | Not for loan | Permanent Location | Current Location | Shelving location | Date acquired | Total Checkouts | Full call number | Barcode | Date last seen | Price effective from | Koha item type |
|---|---|---|---|---|---|---|---|---|---|---|---|---|---|---|
| Central Library (CL) | Central Library (CL) | Punjabi Literature | 07/11/2019 | 891.4931 LAS | CL-E-1006 | 07/11/2019 | 07/11/2019 | Book |
